Impact of the credit crunch on the Scottish economy and the Scottish housing market (Record no. 109684)
[ view plain ]
| 000 -LEADER | |
|---|---|
| fixed length control field | 01244cad a22002535a 4500 |
| 001 - CONTROL NUMBER | |
| control field | E147695 |
| 008 - FIXED-LENGTH DATA ELEMENTS--GENERAL INFORMATION | |
| fixed length control field | 090605e20080625xxkb f s000 0 eng d |
| 035 ## - SYSTEM CONTROL NUMBER | |
| System control number | (Sirsi) u147695 |
| 041 0# - LANGUAGE CODE | |
| Language code of text/sound track or separate title | eng |
| 050 04 - LIBRARY OF CONGRESS CALL NUMBER | |
| Classification number | 330.9 $2 20 |
| 100 1# - MAIN ENTRY--PERSONAL NAME | |
| Personal name | Berry, Kate |
| 245 00 - TITLE STATEMENT | |
| Title | Impact of the credit crunch on the Scottish economy and the Scottish housing market |
| Medium | [electronic resource] |
| 260 ## - PUBLICATION, DISTRIBUTION, ETC. | |
| Place of publication, distribution, etc. | Edinburgh |
| Name of publisher, distributor, etc. | Scottish Parliament |
| Date of publication, distribution, etc. | 2008 |
| 490 #0 - SERIES STATEMENT | |
| Series statement | SPICe Briefing |
| Volume/sequential designation | (08/36) 25 June 2008 |
| 505 2# - FORMATTED CONTENTS NOTE | |
| Formatted contents note | Key points -- Introduction -- Impact to date on the Scottish economy --Impact to date on the Scottish Housing market -- Prospects for the Scottish housing market and the Scottish economy -- Sources |
| 520 ## - SUMMARY, ETC. | |
| Summary, etc. | Looks at the reasons for the current credit crunch and examines its effect on the Scottish economy, especially the housing market. Discusses how these effects may play out over the next two years. |
| 521 ## - TARGET AUDIENCE NOTE | |
| Target audience note | Advanced |
| 590 ## - LOCAL NOTE (RLIN) | |
| Local note | KA |
| 651 #4 - SUBJECT ADDED ENTRY--GEOGRAPHIC NAME | |
| Geographic name | Scotland |
| Chronological subdivision | 1999- |
| 690 ## - LOCAL SUBJECT ADDED ENTRY--TOPICAL TERM (OCLC, RLIN) | |
| Topical term or geographic name as entry element | PROPERTY-RESIDENTIAL PROPERTY-RESIDENTIAL PROPERTY MARKET |
| 700 1# - ADDED ENTRY--PERSONAL NAME | |
| Personal name | Dewar, Jim |
| 856 40 - ELECTRONIC LOCATION AND ACCESS | |
| Uniform Resource Identifier | <a href="https://www.scottish.parliament.uk/business/research/subject/HouPla.htm">https://www.scottish.parliament.uk/business/research/subject/HouPla.htm</a> |
| Public note | View the briefing free of charge at www.scottish.parliament.uk... |
| 942 ## - ADDED ENTRY ELEMENTS (KOHA) | |
| Suppress in OPAC | 0 |
| Withdrawn status | Lost status | Source of classification or shelving scheme | Damaged status | Not for loan | Home library | Current library | Shelving location | Date acquired | Total Checkouts | Full call number | Barcode | Date last seen | Copy number | Price effective from | Koha item type |
|---|---|---|---|---|---|---|---|---|---|---|---|---|---|---|---|
| Dewey Decimal Classification | Virtual | Virtual | Online | 05/06/2009 | ONLINE PUBLICATION | 147695-2001 | 06/08/2019 | 1 | 06/08/2019 | Book |